Fabulous Fonts Quiz Stats

 Plays Quiz Updated May 16, 2018

Score 0/18 Timer 05:00
0 Plays Today
% Correct
Google
97.9%
Subway
96.6%
Shrek
96.3%
Playboy
93.9%
Yahoo!
89.3%
LEGO
88.3%
Friends
84%
Star Wars
82.5%
Walt Disney
79.1%
% Correct
Pokémon
74.1%
Jeopardy!
61.2%
Jurassic Park
55.8%
The Sopranos
51.9%
IBM
50.9%
Spider-Man
49.7%
Transformers
49.3%
CNN
45.4%
The Matrix
34.8%

You're not logged in!

Compare scores with friends on all Sporcle quizzes.
OR
Log In

You Might Also Like...

Show Comments

Extras

Top Quizzes Today


Score Distribution

Your Account Isn't Verified!

In order to create a playlist on Sporcle, you need to verify the email address you used during registration. Go to your Sporcle Settings to finish the process.

Report this User

Report this user for behavior that violates our Community Guidelines.

Details: